Southville International School and Colleges

胡涂世界 (Record no. 253082)

000 -LEADER
fixed length control field 00694cam a22002413a 4500
001 - CONTROL NUMBER
control field 23827
003 - CONTROL NUMBER IDENTIFIER
control field PGUSA
005 - DATE AND TIME OF LATEST TRANSACTION
control field 20140828083516.0
008 - FIXED-LENGTH DATA ELEMENTS--GENERAL INFORMATION
fixed length control field 071212s2007||||xxu|||||s|||||000 | eng d
040 ## - CATALOGING SOURCE
Original cataloging agency PGUSA
Language of cataloging eng
042 ## - AUTHENTICATION CODE
Authentication code dc
050 #4 - LIBRARY OF CONGRESS CALL NUMBER
Classification number PL
100 1# - MAIN ENTRY--PERSONAL NAME
Personal name Wu, Jianren,
Dates associated with a name 1866-1910
245 10 - TITLE STATEMENT
Title 胡涂世界
Medium [electronic resource] /
Statement of responsibility, etc Jianren Wu
260 ## - PUBLICATION, DISTRIBUTION, ETC. (IMPRINT)
Name of publisher, distributor, etc Project Gutenberg,
Date of publication, distribution, etc 2007
500 ## - GENERAL NOTE
General note The book was published by Shi Jie Fan Hua newspaper office in A.D. 1906.
506 ## - RESTRICTIONS ON ACCESS NOTE
Terms governing access Public domain in the USA.
516 ## - TYPE OF COMPUTER FILE OR DATA NOTE
Type of computer file or data note Electronic text
740 0# - ADDED ENTRY--UNCONTROLLED RELATED/ANALYTICAL TITLE
Uncontrolled related/analytical title Hu Tu Shi Jie
830 #0 - SERIES ADDED ENTRY--UNIFORM TITLE
Uniform title Project Gutenberg
Volume number/sequential designation 23827
856 40 - ELECTRONIC LOCATION AND ACCESS
Uniform Resource Identifier http://www.gutenberg.org/ebooks/23827
942 ## - ADDED ENTRY ELEMENTS (KOHA)
Koha item type eBooks
Holdings
Koha item type Permanent Location Current Location Price effective from Lost status Date acquired Damaged status Withdrawn status Date last seen
eBooksProject GutenbergProject Gutenberg2014-08-28 2014-08-28  2014-08-28
Powered by Koha